Countries That Produce The Most Playing Cards - Statistics

General Stats
  • This quiz has been taken 69 times
  • The average score is 11 of 15
Answer Stats
% Of Total Produced Answer % Correct
19.8% (tie) China & United States
100%
1.65% France
89%
1.90% United Kingdom
88%
1.04% Italy
86%
14.9% Germany
84%
1.26% Spain
82%
12.1% Japan
80%
2.10% Poland
80%
1.17% Netherlands
73%
8.63% Belgium
68%
0.90% Denmark
59%
2.14% Czech Republic
50%
1.68% Taiwan
50%
0.73% Malaysia
32%
6.04% Singapore
30%
No matching quizzes found
Score Distribution
Percent of People with Each Score
Percentile by Number Answered
Your Score History
You have not taken this quiz